Statistics for 100 most valuable La Liga players 2024

Click here to take the quiz!

General Stats

  • This quiz has been taken 33 times
  • The average score is 53 of 100

Answer Stats

RankNationValue (€)ClubPositionPlayer% Correct
3Uruguay100mReal MadridMIDFederico Valverde
100%
7Spain90mFC BarcelonaMIDGavi
100%
1England180mReal MadridMIDJude Bellingham
100%
8Spain80mFC BarcelonaMIDPedri
100%
10Uruguay70mFC BarcelonaDEFRonald Araujo
100%
2Brazil150mReal MadridFWVinicius Junior
100%
11Brazil70mReal MadridDEFÉder Militão
96%
6France90mReal MadridMIDEduardo Camavinga
96%
9Spain75mFC BarcelonaFWLamine Yamal
96%
14Brazil50mFC BarcelonaFWRaphinha
96%
4Brazil100mReal MadridFWRodrygo
96%
21Denmark40mFC BarcelonaDEFAndreas Christensen
93%
5France90mReal MadridMIDAurélien Tchouaméni
93%
12Netherlands70mFC BarcelonaMIDFrenkie de Jong
93%
36Germany30mFC BarcelonaGKMarc-André ter Stegen
93%
15France50mFC BarcelonaDEFJules Koundé
89%
35Argentina30mAtlético de MadridMIDRodrigo de Paul
89%
13Japan60mReal SociedadFWTakefusa Kubo
89%
41Belgium30mReal MadridGKThibaut Courtois
89%
29Spain35mFC BarcelonaFWFerran Torres
86%
54Germany25mReal MadridDEFAntonio Rüdiger
82%
32Portugal30mFC BarcelonaDEFJoão Cancelo
82%
76Ukraine16mReal MadridGKAndriy Lunin
79%
58France25mAtlético de MadridFWAntoine Griezmann
79%
40Slovenia30mAtlético de MadridGKJan Oblak
79%
34Portugal30mFC BarcelonaFWJoão Félix
79%
18Spain50mAthletic BilbaoFWNico Williams
79%
48Austria25mReal MadridDEFDavid Alaba
75%
53Ghana25mAthletic BilbaoFWIñaki Williams
75%
30Morocco35mReal MadridMIDBrahim Díaz
71%
73Germany16mFC BarcelonaMIDİlkay Gündoğan
71%
19Spain50mReal SociedadFWMikel Oyarzabal
71%
82Poland15mFC BarcelonaFWRobert Lewandowski
71%
24Spain40mFC BarcelonaDEFAlejandro Balde
68%
69Argentina18mAtlético de MadridFWÁngel Correa
64%
64France20mReal MadridDEFFerland Mendy
64%
47Spain25mGirona FCMIDAleix García
61%
61Spain20mAtlético de MadridFWÁlvaro Morata
61%
88Spain15mGirona FCDEFEric García
61%
46Uruguay25mAtlético de MadridDEFJosé María Giménez
61%
17Spain50mReal SociedadMIDMikel Merino
61%
31Argentina35mAtlético de MadridDEFNahuel Molina
61%
25Brazil40mFC BarcelonaFWVitor Roque
61%
83Spain15mReal MadridDEFFran García
57%
89Turkey15mReal MadridMIDArda Güler
54%
93Spain15mFC BarcelonaMIDFermín López
50%
79Spain15mGirona FCMIDIván Martín
50%
45Spain25mReal SociedadGKÁlex Remiro
46%
27Georgia35mFC ValenciaGKGiorgi Mamardashvili
46%
50Brazil25mAtlético de MadridFWSamuel Lino
46%
23Brazil40mGirona FCFWSávio
46%
56Spain25mAthletic BilbaoGKUnai Simón
46%
33Ukraine30mGirona FCFWArtem Dovbyk
43%
59Argentina24mReal BetisMIDGuido Rodríguez
43%
37Spain30mFC ValenciaDEFJosé Gayà
43%
38Spain30mAtlético de MadridMIDMarcos Llorente
43%
16Spain50mReal SociedadMIDMartín Zubimendi
43%
86England15mFC GetafeFWMason Greenwood
43%
91Norway15mVillarreal CFFWAlexander Sørloth
39%
57Spain25mFC BarcelonaDEFPau Cubarsí
39%
26Spain40mReal SociedadDEFRobin Le Normand
39%
80Kosovo15mRCD MallorcaFWVedat Muriqi
39%
20Spain40mReal SociedadMIDBrais Méndez
36%
70Argentina18mVillarreal CFDEFJuan Foyth
36%
98Portugal15mReal BetisGKRui Silva
36%
71Morocco18mSevilla FCFWYoussef En-Nesyri
36%
96Russia15mReal SociedadMIDArsen Zakharyan
32%
95Spain15mFC GetafeFWBorja Mayoral
32%
85Belgium15mSevilla FCFWDodi Lukébakio
32%
51Spain25mAtlético de MadridDEFMario Hermoso
32%
43Ukraine28mGirona FCFWViktor Tsygankov
32%
42Spain30mVillarreal CFFWYéremy Pino
32%
39Belgium30mAtlético de MadridMIDArthur Vermeeren
29%
63Spain20mGirona FCDEFMiguel Gutiérrez
29%
28Spain35mAthletic BilbaoMIDOihan Sancet
29%
74Spain16mFC ValenciaMIDPepelu
29%
22Spain40mDeportivo AlavésFWSamu Omorodion
29%
55Spain25mVillarreal CFMIDÁlex Baena
25%
81Spain15mUD Las PalmasGKÁlvaro Valles
25%
84Denmark15mVillarreal CFGKFilip Jørgensen
25%
68Portugal18mVillarreal CFFWGonçalo Guedes
25%
87Spain15mAthletic BilbaoFWGorka Guruzeta
25%
60Spain22mReal SociedadDEFIgor Zubeldia
25%
78Spain15mSevilla FCFWIsaac Romero
25%
66Spain20mFC ValenciaMIDJavi Guerra
25%
65Norway20mCelta VigoFWJørgen Strand Larsen
25%
44Spain25mAtlético de MadridFWRodrigo Riquelme
25%
77Brazil15mGirona FCDEFYan Couto
25%
62Venezuela20mGirona FCMIDYangel Herrera
25%
67Spain20mReal SociedadFWAnder Barrenetxea
21%
75Spain16mFC ValenciaFWHugo Duro
21%
52Spain25mAthletic BilbaoMIDPablo Barrios
21%
90Spain15mCA OsasunaMIDAimar Oroz
18%
94Portugal15mFC ValenciaMIDAndré Almeida
18%
92Spain15mFC ValenciaDEFCristhian Mosquera
18%
49Spain25mAthletic BilbaoDEFDani Vivian
18%
97Spain15mSevilla FCDEFJuanlu Sánchez
14%
100Spain15mAthletic BilbaoDEFAitor Paredes
11%
99Spain15mReal BetisFWAssane Diao
11%
72Spain17mReal BetisMIDPablo Fornals
11%

Score Distribution

Percentile by Number Answered

Percent of People with Each Score

Your Score History

You have not taken this quiz